书目信息 |
| 题名: |
徐悲鸿一生:我的回忆(1999年版)
|
|
| 作者: | 廖静文 著 | |
| 分册: | ||
| 出版信息: | 北京 中国青年出版社 1982.08 |
|
| 页数: | 422页 | |
| 开本: | 32开 | |
| 丛书名: | ||
| 单 册: | ||
| 中图分类: | K825.72 | |
| 科图分类: | ||
| 主题词: | 人物--传记--中国 | |
| 电子资源: | ||
| ISBN: | 7-5006-1183-8 | |
| 000 | 00589nam0 2200193 45 | |
| 001 | 0010030237 | |
| 005 | 20001003025751.1 | |
| 010 | @a7-5006-1183-8@d26.00元 | |
| 100 | @a20001003d1982 km y0chiy0120 ea | |
| 101 | 0 | @achi |
| 105 | @a z 000yy | |
| 200 | 1 | @a徐悲鸿一生:我的回忆(1999年版)@AXu Bei Hong Yi Sheng:Wo De Hui Yi(1999 Nian Ban)@f廖静文著@FLiao Jing Wen Zhu |
| 210 | @a北京@c中国青年出版社@d1982.08 | |
| 215 | @a422页@d32开 | |
| 606 | 0 | @a人物@x传记@x中国 |
| 690 | @aK825.72@v3 | |
| 701 | 0 | @a廖静文@4著 |
| 801 | @aCN@bPftUser@c20001003 | |
| 905 | @b413133-134@dK825.72@eL863@f2 | |
| 徐悲鸿一生:我的回忆(1999年版)/廖静文著.-北京:中国青年出版社,1982.08 |
| 422页;32开 |
| ISBN 7-5006-1183-8:26.00元 |
| ● |
| 相关链接 |
|
|
|
正题名:徐悲鸿一生:我的回忆(1999年版)
索取号:K825.72/L863
 
预约/预借
| 序号 | 登录号 | 条形码 | 馆藏地/架位号 | 状态 | 备注 |
| 1 | 413133 | 204131331 | 社科库309/309社科库 54排1列5层/ [索取号:K825.72/L863] | 在馆 | |
| 2 | 413134 | 204131340 | 社科库309/309社科库 54排1列5层/ [索取号:K825.72/L863] | 在馆 |